000 00913nam a22003017a 4500
003 CHAP
005 20220329135628.0
008 971013s1969 r 00010 d
010 _a39601
011 _a40573
035 _a44699
040 _cCHAP
090 _aFolleto 1804
110 _aE.U.A. Bureau of Sport Fisheries and Wildlife
_934863
245 _aTen papers on oxiytetracycline and fish
260 _aWashington :
_bThe Bureau,
_c1969
300 _aPag. varĂ­a.
_b: ilus.
490 _aTechnical papers
_v; 31-40
590 _aBATCH-UPD
_b10
_c20130110
_lUCH01
_h1613
590 _aBATCH-UPD
_b10
_c20130410
_lUCH01
_h1008
590 _aCONVERSION
_b10
_c20130109
_lUCH01
_h1322
650 1 4 _aAntibioticos.
_96046
650 1 4 _aPeces
_xBacterias.
_986443
830 0 _aTechnical papers
_v; 31-40
_9111902
901 _aBK
942 _cFOLL
949 _aFolleto 1804
_bBC
_cFOLL
_d-102407
_eTS1
_i44699
_si
999 _c39601
_d39601